| 000 | 00938nam a2200301Ia 4500 | ||
|---|---|---|---|
| 001 | 25191 | ||
| 003 | IT-RoPAU | ||
| 008 | 130308s9999 xx 000 0 und d | ||
| 040 | _aIT-RoPAU | ||
| 040 | _cIT-RoPAU | ||
| 041 | _aITALIANO | ||
| 100 | _aEvans Ewart George | ||
| 100 | _gCodice Aut. SPICS: 12207 | ||
| 245 | _aGiorni che abbiamo visto (I)-Capp.1-2 | ||
| 245 | _bStoria Orale-Vita Quotidiana e Cultura Materiale delle Classi Subalterne | ||
| 250 | _a1a ed. | ||
| 260 | _aTORINO | ||
| 260 | _bRosenberg & Sellier | ||
| 260 | _c1978 [1° Ed.:1978 - Ed.Ling.Originale:1975] | ||
| 300 | _a"26 p. (prefazione: no ; testo: 26 [pagine: 3-28])" | ||
| 500 | _aUso delle Fonti Orali in Storia Profondità Storica della documentazione Orale titolo Originale The Days That We Have Seen | ||
| 650 | _aEPISTEMOLOGIA | ||
| 650 | _eCodice materia Spics: 3051 | ||
| 942 | _cBK | ||
| 957 | _71 | ||
| 999 |
_c38725 _d38725 |
||
| 999 | _bSI | ||
| 999 | _g1 | ||